Chambers of commerce in India (Record no. 77401)

MARC details
000 -LEADER
fixed length control field 00800cam a22002531 4500
001 - CONTROL NUMBER
control field sa 68000706
003 - CONTROL NUMBER IDENTIFIER
control field DLC
005 - DATE AND TIME OF LATEST TRANSACTION
control field 20260227112426.0
008 - FIXED-LENGTH DATA ELEMENTS--GENERAL INFORMATION
fixed length control field 710901s1967 ii b 00010 eng
010 ## - LIBRARY OF CONGRESS CONTROL NUMBER
LC control number sa 68000706 //r87
025 ## - OVERSEAS ACQUISITION NUMBER
Overseas acquisition number PL480:I-E-8680
043 ## - GEOGRAPHIC AREA CODE
Geographic area code a-ii---
050 0# - LIBRARY OF CONGRESS CALL NUMBER
Classification number HF331.I4
Item number N3 1967
082 ## - DEWEY DECIMAL CLASSIFICATION NUMBER
Classification number 382/.062/54
100 10 - MAIN ENTRY--PERSONAL NAME
Personal name Namjoshi, M. V.
245 10 - TITLE STATEMENT
Title Chambers of commerce in India
Statement of responsibility, etc. [by] M. V. Namjoshi [and] B. R. Sabade.
260 0# - PUBLICATION, DISTRIBUTION, ETC.
Place of publication, distribution, etc. Poona,
Name of publisher, distributor, etc. Gokhale Institute of Politics and Economics;
Place of publication, distribution, etc. Bombay,
-- New York,
Name of publisher, distributor, etc. Asia Pub. House
Date of publication, distribution, etc. [1967]
300 ## - PHYSICAL DESCRIPTION
Extent xi, 143 p.
Dimensions 25 cm.
350 ## - PRICE (NR) (BK AM CF MU VM SE) [OBSOLETE]
Price Rs15.
440 #0 - SERIES STATEMENT/ADDED ENTRY--TITLE
Title Gokhale Institute studies ;
Volume/sequential designation no. 50
504 ## - BIBLIOGRAPHY, ETC. NOTE
Bibliography, etc. note Bibliographical footnotes.
650 #0 - SUBJECT ADDED ENTRY--TOPICAL TERM
Topical term or geographic name entry element Boards of trade
Geographic subdivision India.
700 10 - ADDED ENTRY--PERSONAL NAME
Personal name Sabade, B. R.,
Relator term joint author.

No items available.

Powered by Koha